000 00475nam a22001817a 4500
003 CEME
005 20210628210731.0
008 210212b xxu||||| |||| 00| 0 eng d
020 _a0-13-232620-5
040 _c.
082 _a620.1 WAL
100 _aWalker, keith.m
_980752
245 _aApplied mechanics for engineering technology
260 _aNEW JERSEY
_bPRENTICE HALL
_c1997
300 _aWALKER, KEITH.M
650 _aMECHANICS,APPLIED
_913090
942 _cBK
_2ddc
999 _c585642
_d585642